Marry. (Record no. 14594)

000 -LEADER
fixed length control field 00517nam a2200181 a 4500
001 - CONTROL NUMBER
control field :::00012426$&:&@@
003 - CONTROL NUMBER IDENTIFIER
control field OkBaRHE
005 - DATE AND TIME OF LATEST TRANSACTION
control field 20000607103419.0
008 - FIXED-LENGTH DATA ELEMENTS--GENERAL INFORMATION
fixed length control field s1987 j 000 0 eng u
040 ## - CATALOGING SOURCE
Transcribing agency
100 1# - MAIN ENTRY--PERSONAL NAME
Personal name Souter, John C.
245 10 - TITLE STATEMENT
Title Marry.
260 ## - PUBLICATION, DISTRIBUTION, ETC. (IMPRINT)
Place of publication, distribution, etc Wheaton, IL., :
Name of publisher, distributor, etc Tyndale House Publishers
Date of publication, distribution, etc c1987
300 ## - PHYSICAL DESCRIPTION
Extent 64 p. : illus. ;
Dimensions 28 cm.
650 ## - SUBJECT ADDED ENTRY--TOPICAL TERM
Topical term or geographic name as entry element Marriage
942 ## - ADDED ENTRY ELEMENTS (KOHA)
Source of classification or shelving scheme
Koha item type Books
Copies
Lost status Date last seen Not for loan Damaged status Permanent Location Full call number Withdrawn status Copy number Shelving location Barcode Source of classification or shelving scheme Koha item type Price effective from Date acquired
 2010-04-14  RHEMA Bible Training CollegeHQ 728 .S6 1General Stacks12426 Books2010-04-142010-04-14